<?xml version="1.0" encoding="UTF-8"?>
<collection xmlns="http://www.loc.gov/MARC21/slim">
 <record>
  <leader>02610nam a2200325 a 4500</leader>
  <controlfield tag="001">1/45141</controlfield>
  <controlfield tag="008">140729s2000    ne            001 0 eng  </controlfield>
  <datafield tag="020" ind1=" " ind2=" ">
   <subfield code="a">9780444828514</subfield>
  </datafield>
  <datafield tag="020" ind1=" " ind2=" ">
   <subfield code="a">0444828516</subfield>
  </datafield>
  <datafield tag="020" ind1=" " ind2=" ">
   <subfield code="a">9780080538389 (electronic bk.)</subfield>
  </datafield>
  <datafield tag="020" ind1=" " ind2=" ">
   <subfield code="a">008053838X (electronic bk.)</subfield>
  </datafield>
  <datafield tag="035" ind1=" " ind2=" ">
   <subfield code="l">48099</subfield>
  </datafield>
  <datafield tag="040" ind1=" " ind2=" ">
   <subfield code="a">OPELS</subfield>
   <subfield code="b">eng</subfield>
   <subfield code="c">OPELS</subfield>
   <subfield code="d">OCLCQ</subfield>
   <subfield code="d">N$T</subfield>
   <subfield code="d">YDXCP</subfield>
   <subfield code="d">MERUC</subfield>
   <subfield code="d">E7B</subfield>
   <subfield code="d">IDEBK</subfield>
   <subfield code="d">OCLCQ</subfield>
   <subfield code="d">OCLCO</subfield>
   <subfield code="d">OCLCF</subfield>
   <subfield code="d">GR-PeUP</subfield>
  </datafield>
  <datafield tag="111" ind1="2" ind2=" ">
   <subfield code="a">Parallel CFD '99 Conference</subfield>
   <subfield code="d">(1999 :</subfield>
   <subfield code="c">Williamsburg, Va.)</subfield>
  </datafield>
  <datafield tag="245" ind1="1" ind2="0">
   <subfield code="a">Parallel computational fluid dynamics</subfield>
   <subfield code="h">[electronic resource] :</subfield>
   <subfield code="b">towards teraflops, optimization, and novel formulations : proceedings of the Parallel CFD '99 Conference /</subfield>
   <subfield code="c">edited by D. Keyes ... [et al.] ; assistant editor, P. Fox.</subfield>
  </datafield>
  <datafield tag="250" ind1=" " ind2=" ">
   <subfield code="a">1st ed.</subfield>
  </datafield>
  <datafield tag="260" ind1=" " ind2=" ">
   <subfield code="a">Amsterdam ;</subfield>
   <subfield code="a">New York :</subfield>
   <subfield code="b">Elsevier,</subfield>
   <subfield code="c">2000.</subfield>
  </datafield>
  <datafield tag="300" ind1=" " ind2=" ">
   <subfield code="a">1 online resource (xx, 455 p.) :</subfield>
   <subfield code="b">ill.</subfield>
  </datafield>
  <datafield tag="520" ind1=" " ind2=" ">
   <subfield code="a">Contributed presentations were given by over 50 researchers representing the state of parallel CFD art and architecture from Asia, Europe, and North America. Major developments at the 1999 meeting were: (1) the effective use of as many as 2048 processors in implicit computations in CFD, (2) the acceptance that parallelism is now the 'easy part' of large-scale CFD compared to the difficulty of getting good per-node performance on the latest fast-clocked commodity processors with cache-based memory systems, (3) favorable prospects for Lattice-Boltzmann computations in CFD (especially for problems that Eulerian and even Lagrangian techniques do not handle well, such as two-phase flows and flows with exceedingly multiple-connected demains with a lot of holes in them, but even for conventional flows already handled well with the continuum-based approaches of PDEs), and (4) the nascent integration of optimization and very large-scale CFD. Further details of Parallel CFD'99, as well as other conferences in this series, are available at &lt;SURL&gt;http://www.parcfd.org&lt;/SURL&gt;.</subfield>
  </datafield>
  <datafield tag="504" ind1=" " ind2=" ">
   <subfield code="a">Includes bibliographical references.</subfield>
  </datafield>
  <datafield tag="650" ind1=" " ind2="4">
   <subfield code="a">Fluid dynamics</subfield>
   <subfield code="x">Data processing</subfield>
   <subfield code="v">Congresses.</subfield>
  </datafield>
  <datafield tag="650" ind1=" " ind2="4">
   <subfield code="a">Parallel processing (Electronic computers)</subfield>
   <subfield code="x">Congresses.</subfield>
  </datafield>
  <datafield tag="655" ind1=" " ind2="4">
   <subfield code="a">Electronic books.</subfield>
  </datafield>
  <datafield tag="700" ind1="1" ind2=" ">
   <subfield code="a">Keyes, David E.</subfield>
  </datafield>
  <datafield tag="852" ind1=" " ind2=" ">
   <subfield code="a">INST</subfield>
   <subfield code="b">UNIPILB</subfield>
   <subfield code="c">EBOOKS</subfield>
   <subfield code="e">20140729</subfield>
   <subfield code="p">00b48099</subfield>
   <subfield code="q">00b48099</subfield>
   <subfield code="t">ONLINE</subfield>
   <subfield code="y">0</subfield>
  </datafield>
  <datafield tag="856" ind1="4" ind2="0">
   <subfield code="3">ScienceDirect</subfield>
   <subfield code="u">http://www.sciencedirect.com/science/book/9780444828514</subfield>
  </datafield>
  <datafield tag="856" ind1="4" ind2=" ">
   <subfield code="d">/webopac/covers/03/48099_9780444828514.jpg</subfield>
  </datafield>
  <datafield tag="856" ind1="4" ind2=" ">
   <subfield code="d">/webopac/covers/03/48099_0444828516.jpg</subfield>
  </datafield>
  <datafield tag="856" ind1="4" ind2=" ">
   <subfield code="d">/webopac/covers/03/48099_9780080538389.jpg</subfield>
   <subfield code="z">(electronic bk.)</subfield>
  </datafield>
  <datafield tag="856" ind1="4" ind2=" ">
   <subfield code="d">/webopac/covers/03/48099_008053838X.jpg</subfield>
   <subfield code="z">(electronic bk.)</subfield>
  </datafield>
 </record>
</collection>
